Etiqueta de registo: 00000nam 2200025 450
001 2282942
003 http://id.bnportugal.gov.pt/bib/catbnp/2282942
010 ## $a978-618-231-155-4
100 ## $a20260529d2024 m y0pory01030103ba
101 1# $agre$cpor
102 ## $aGR
105 ## $ay z 000yy
106 ## $ar
200 1# $a [ Essa dama bate bué!$fYara Monteiro$gtrad. Zoi Karampekiou]
210 #9 $a[Atenas$cVakxikon],$d2024
215 ## $a228 p.$c21 cm
700 #1 $aMonteiro,$bYara,$f1979-$31764728
702 #1 $aKarampekiou,$bZoi$4730$31999721
801 #0 $aPT$bBN$gRPC
966 ## $lBN$mFGMON$pDGLAB$x3
971 ## $cjbeatriz$d20260529
975 ## $e0$d20260601$viquintas
Etiqueta de registo: 00000nam 2200025 450
001 2282977
003 http://id.bnportugal.gov.pt/bib/catbnp/2282977
010 ## $a978-618-231-148-6
100 ## $a20260326d2024 m y0pory01030103ba
101 1# $agre$dpor
102 ## $aGR
105 ## $aa m 000yy
106 ## $ar
200 1# $a[Crónica de uma travessia - A época do Ai-Dik-Funam]$fLuís Cardoso$gtrad. [Zoi Karampekiou]
210 #9 $a[Atenas]$cVakxikon,$d2024
215 ## $a145, [5] p.$d21 cm
700 #1 $aCardoso,$bLuís,$f1958-$3287108
702 #1 $aKarampekiou,$bZoi$4730$31999721
801 #0 $aPT$bBN$gRPC
966 ## $lBN$mFGMON$pDGLAB
971 ## $cabrito$d20260703